[Event "Tradewise Gibraltar ChallWk2"]
[Site "Gibraltar"]
[Date "2016.02.03"]
[Round "5.20"]
[White "Mohorea, Vasile"]
[Black "Lawson, Dominic Ralph"]
[Result "0-1"]
[WhiteElo "2087"]
[BlackElo "1988"]
[PlyCount "70"]
[EventDate "2016.01.30"]
[EventType "swiss"]
[EventRounds "5"]
[EventCountry "GGB"]
[SourceTitle "BritBase"]
[Source "www.saund.co.uk"]
[SourceDate "2018.02.10"]
[SourceVersion "1"]
[SourceVersionDate "2018.02.10"]
[SourceQuality "1"]

1. d4 Nf6 2. Nf3 e6 3. Bf4 b6 4. Nbd2 Bb7 5. e3 d6 6. h3 Nbd7 7. Bc4 g6 8. Qe2
a6 9. a4 Bg7 10. O-O Qe7 11. Bh2 O-O 12. c3 h6 13. e4 e5 14. Rfe1 Nh5 15. Qe3
Qf6 16. g3 Kh7 17. Bf1 Rfe8 18. d5 Nf8 19. h4 Bc8 20. Kg2 Qe7 21. Ng1 f5 22.
Qe2 Qf7 23. f3 Nd7 24. Nh3 Rf8 25. c4 a5 26. Ra3 Nc5 27. Nf2 Bd7 28. b3 Qf6 29.
exf5 gxf5 30. Qd1 Qg6 31. Qc2 Bf6 32. Nh1 Bxh4 33. Kf2 Bg5 34. Re2 Nf6 35. Kg2
e4 0-1

[Event "Tradewise Gibraltar ChallWk2"]
[Site "Gibraltar"]
[Date "2016.02.03"]
[Round "5.21"]
[White "Bryant, Richard B E"]
[Black "Dasaolu, Rotimi"]
[Result "1-0"]
[WhiteElo "1961"]
[BlackElo "2060"]
[PlyCount "65"]
[EventDate "2016.01.30"]
[EventType "swiss"]
[EventRounds "5"]
[EventCountry "GGB"]
[SourceTitle "BritBase"]
[Source "www.saund.co.uk"]
[SourceDate "2018.02.10"]
[SourceVersion "1"]
[SourceVersionDate "2018.02.10"]
[SourceQuality "1"]

1. e4 c5 2. Nc3 e6 3. f4 d6 4. Nf3 a6 5. g3 b5 6. Bg2 Bb7 7. d3 Qc7 8. Qe2 g6
9. O-O Ne7 10. Nh4 Nbc6 11. Nd1 Bg7 12. c3 Bf6 13. Nf3 Bg7 14. g4 h6 15. Ne3
O-O-O 16. a4 Qb6 17. axb5 axb5 18. Nc2 d5 19. Be3 d4 20. cxd4 Nxd4 21. Ncxd4
cxd4 22. Rfc1+ Kb8 23. Bd2 Nc6 24. Be1 Rhe8 25. Nd2 f5 26. h3 Bf6 27. Nb3 Be7
28. Na5 Rc8 29. Nxb7 Kxb7 30. e5 Kb8 31. Ra2 Rc7 32. Qf3 Rec8 33. Ba5 1-0

[Event "Tradewise Gibraltar ChallWk2"]
[Site "Gibraltar"]
[Date "2016.02.03"]
[Round "5.22"]
[White "Ebner, Johann"]
[Black "Lafortune, Emerick"]
[Result "1/2-1/2"]
[WhiteElo "2036"]
[BlackElo "1923"]
[PlyCount "37"]
[EventDate "2016.01.30"]
[EventType "swiss"]
[EventRounds "5"]
[EventCountry "GGB"]
[SourceTitle "BritBase"]
[Source "www.saund.co.uk"]
[SourceDate "2018.02.10"]
[SourceVersion "1"]
[SourceVersionDate "2018.02.10"]
[SourceQuality "1"]

1. d4 Nf6 2. c4 e6 3. Nf3 d5 4. Nc3 Bb4 5. Bg5 Nbd7 6. cxd5 exd5 7. e3 c5 8.
Be2 Qa5 9. O-O Bxc3 10. bxc3 c4 11. Qc2 Ne4 12. Rfc1 O-O 13. Bxc4 Nxf2 14. Qxf2
dxc4 15. Qg3 Qa6 16. e4 Nf6 17. Bxf6 Qxf6 18. Ne5 Qa6 19. Rf1 1/2-1/2

[Event "Tradewise Gibraltar ChallWk2"]
[Site "Gibraltar"]
[Date "2016.02.03"]
[Round "5.23"]
[White "Henderson De La Fuente, Andrea"]
[Black "Ranaivoharisoa, Alain"]
[Result "0-1"]
[WhiteElo "1866"]
[BlackElo "2160"]
[PlyCount "78"]
[EventDate "2016.01.30"]
[EventType "swiss"]
[EventRounds "5"]
[EventCountry "GGB"]
[SourceTitle "BritBase"]
[Source "www.saund.co.uk"]
[SourceDate "2018.02.10"]
[SourceVersion "1"]
[SourceVersionDate "2018.02.10"]
[SourceQuality "1"]

1. e4 c5 2. Nc3 Nc6 3. g3 g6 4. Bg2 Bg7 5. d3 e6 6. Be3 Nd4 7. Qd2 Ne7 8. O-O-O
O-O 9. Bh6 Nec6 10. h4 Qe7 11. h5 f6 12. hxg6 hxg6 13. Nge2 d6 14. Rh2 Bd7 15.
Rdh1 Be8 16. Qf4 g5 17. Qd2 Bg6 18. f4 Bxh6 19. Rxh6 Kg7 20. g4 Rh8 21. Rxh8
Rxh8 22. Rxh8 Kxh8 23. Qe3 Kg7 24. Qh3 gxf4 25. Nxf4 Bf7 26. Nd1 f5 27. Nh5+
Bxh5 28. Qxh5 Ne2+ 29. Kb1 Nf4 30. Qh2 Qg5 31. exf5 Ne2 32. f6+ Kxf6 33. Qh8+
Ke7 34. Qh7+ Kd8 35. a3 Qc1+ 36. Ka2 Qxd1 37. Qxb7 Nc1+ 38. Kb1 Nb3+ 39. Ka2
Qa1+ 0-1

[Event "Tradewise Gibraltar ChallWk2"]
[Site "Gibraltar"]
[Date "2016.02.03"]
[Round "5.25"]
[White "Palmqvist, Fredrik"]
[Black "Burke, Mitchell R"]
[Result "1-0"]
[WhiteElo "2080"]
[BlackElo "2002"]
[PlyCount "61"]
[EventDate "2016.01.30"]
[EventType "swiss"]
[EventRounds "5"]
[EventCountry "GGB"]
[SourceTitle "BritBase"]
[Source "www.saund.co.uk"]
[SourceDate "2018.02.10"]
[SourceVersion "1"]
[SourceVersionDate "2018.02.10"]
[SourceQuality "1"]

1. e4 c5 2. Nc3 Nc6 3. Bb5 Nd4 4. Bc4 d6 5. Nge2 Nxe2 6. Qxe2 g6 7. O-O Bg7 8.
d3 Nf6 9. f4 O-O 10. f5 Nd7 11. fxg6 hxg6 12. Qf2 e6 13. Qg3 Ne5 14. Bb3 Bd7
15. Bg5 Qc7 16. a4 a6 17. a5 c4 18. dxc4 Nxc4 19. Bxc4 Qxc4 20. Qxd6 Bb5 21.
Nxb5 Qxb5 22. Be7 Rfe8 23. Bf6 Bxf6 24. Rxf6 Qxb2 25. Raf1 Rad8 26. Qf4 Qd4+
27. Kh1 Qd2 28. Qf3 Qxa5 29. Rxf7 Qh5 30. Qf6 Qh6 31. h3 1-0

[Event "Tradewise Gibraltar ChallWk2"]
[Site "Gibraltar"]
[Date "2016.02.03"]
[Round "5.26"]
[White "Burrows, Zachary"]
[Black "Petersson, Baldur Teodor"]
[Result "1-0"]
[WhiteElo "2074"]
[BlackElo "1980"]
[PlyCount "81"]
[EventDate "2016.01.30"]
[EventType "swiss"]
[EventRounds "5"]
[EventCountry "GGB"]
[SourceTitle "BritBase"]
[Source "www.saund.co.uk"]
[SourceDate "2018.02.10"]
[SourceVersion "1"]
[SourceVersionDate "2018.02.10"]
[SourceQuality "1"]

1. e4 c5 2. Nf3 e6 3. c4 a6 4. Nc3 b6 5. d3 Bb7 6. Bf4 d6 7. g3 Ne7 8. Bg2 g6
9. O-O Bg7 10. Qd2 O-O 11. Bh6 Nbc6 12. Bxg7 Kxg7 13. d4 cxd4 14. Nxd4 Qc7 15.
Rad1 Rad8 16. h4 h5 17. b3 Rd7 18. Bh3 Nxd4 19. Qxd4+ Kg8 20. Qf6 Rfd8 21. Rd3
Nc6 22. f4 Re7 23. a3 Bc8 24. Bg2 Nb8 25. Kh2 Ree8 26. Qg5 Kh7 27. f5 Qe7 28.
fxg6+ fxg6 29. Rf6 Qg7 30. e5 Nd7 31. Rxg6 Qxg6 32. Be4 Nxe5 33. Bxg6+ Nxg6 34.
Qxh5+ Kg7 35. Qg5 Rh8 36. Ne4 Rdf8 37. Nxd6 Bd7 38. h5 Rxh5+ 39. Qxh5 Rh8 40.
Qxh8+ Kxh8 41. Nf7+ 1-0

[Event "Tradewise Gibraltar ChallWk2"]
[Site "Gibraltar"]
[Date "2016.02.03"]
[Round "5.27"]
[White "Ruiz Manrique, Joaquin"]
[Black "Brandstetter, Dieter"]
[Result "1/2-1/2"]
[WhiteElo "1984"]
[BlackElo "2039"]
[PlyCount "61"]
[EventDate "2016.01.30"]
[EventType "swiss"]
[EventRounds "5"]
[EventCountry "GGB"]
[SourceTitle "BritBase"]
[Source "www.saund.co.uk"]
[SourceDate "2018.02.10"]
[SourceVersion "1"]
[SourceVersionDate "2018.02.10"]
[SourceQuality "1"]

1. g3 g6 2. Bg2 Bg7 3. d4 d6 4. c4 Nf6 5. Nc3 O-O 6. Nf3 Nbd7 7. O-O c6 8. b3
Qc7 9. Bb2 Re8 10. d5 Ne4 11. Nd4 Nxc3 12. Bxc3 cxd5 13. Bxd5 Nb8 14. Nb5 Qb6
15. Bxg7 Kxg7 16. a4 a5 17. Qd3 Nc6 18. Qe3 Qxe3 19. fxe3 Rf8 20. Rf2 Nb4 21.
Be4 Rb8 22. Raf1 b6 23. Nc7 Bh3 24. Rd1 Bc8 25. Rdf1 Bh3 26. Rd1 Bc8 27. Rd2
Bb7 28. Bf3 Rfc8 29. Nb5 Rc5 30. Bxb7 Rxb7 31. Rf3 1/2-1/2

[Event "Tradewise Gibraltar ChallWk2"]
[Site "Gibraltar"]
[Date "2016.02.03"]
[Round "5.28"]
[White "Suez-Panama, Gilles"]
[Black "Toval Lopez, Alberto"]
[Result "1/2-1/2"]
[WhiteElo "2032"]
[BlackElo "1952"]
[PlyCount "82"]
[EventDate "2016.01.30"]
[EventType "swiss"]
[EventRounds "5"]
[EventCountry "GGB"]
[SourceTitle "BritBase"]
[Source "www.saund.co.uk"]
[SourceDate "2018.02.10"]
[SourceVersion "1"]
[SourceVersionDate "2018.02.10"]
[SourceQuality "1"]

1. d4 Nf6 2. Nf3 g6 3. c4 Bg7 4. Nc3 d5 5. cxd5 Nxd5 6. e4 Nxc3 7. bxc3 c5 8.
Rb1 O-O 9. Be2 Nc6 10. d5 Ne5 11. Nxe5 Bxe5 12. Qd2 Qa5 13. Rb3 Bd7 14. f4 Bg7
15. c4 Qxd2+ 16. Bxd2 Ba4 17. Ra3 Bc2 18. e5 f6 19. e6 f5 20. Bc3 Bxc3+ 21.
Rxc3 Be4 22. Kf2 b5 23. cxb5 Bxd5 24. a4 Bxe6 25. Rxc5 Rfd8 26. Ke3 Rac8 27.
Rhc1 Kg7 28. Rxc8 Rxc8 29. Rxc8 Bxc8 30. a5 Kf6 31. b6 axb6 32. axb6 g5 33.
fxg5+ Kxg5 34. Bf3 e5 35. b7 Bxb7 36. Bxb7 h5 37. Kf3 h4 38. h3 Kf6 39. Bc8 Kg6
40. Ke3 Kg5 41. Bb7 Kf6 1/2-1/2

[Event "Tradewise Gibraltar ChallWk2"]
[Site "Gibraltar"]
[Date "2016.02.03"]
[Round "5.29"]
[White "Maloberti, David"]
[Black "Mircov, Nicola-Alexandar"]
[Result "1-0"]
[WhiteElo "2006"]
[BlackElo "1944"]
[PlyCount "103"]
[EventDate "2016.01.30"]
[EventType "swiss"]
[EventRounds "5"]
[EventCountry "GGB"]
[SourceTitle "BritBase"]
[Source "www.saund.co.uk"]
[SourceDate "2018.02.10"]
[SourceVersion "1"]
[SourceVersionDate "2018.02.10"]
[SourceQuality "1"]

1. d4 d5 2. c4 e6 3. Nf3 c5 4. cxd5 exd5 5. Nc3 Nf6 6. Bg5 Be7 7. e3 Nc6 8.
dxc5 O-O 9. Be2 Bxc5 10. O-O Be6 11. Nb5 Rc8 12. Rc1 Be7 13. Nbd4 Bd7 14. h3 h6
15. Bf4 Qa5 16. a3 Nxd4 17. Nxd4 Rxc1 18. Qxc1 Rc8 19. Qb1 Ne4 20. Rc1 Qd2 21.
Rxc8+ Bxc8 22. Qc2 Qe1+ 23. Bf1 Be6 24. Nf3 Qa1 25. Be5 Bf6 26. Bxf6 Nxf6 27.
Nd4 Ne4 28. g4 h5 29. Nxe6 fxe6 30. Qc8+ Kh7 31. Qxe6 Nd2 32. Qf5+ g6 33. Qd3
Nf3+ 34. Kh1 hxg4 35. hxg4 Qxb2 36. Qe2 Qxe2 37. Bxe2 Nd2 38. Kg2 Nb1 39. Bf3
Nxa3 40. Bxd5 b5 41. Kf1 Nb1 42. Ke1 a5 43. f4 a4 44. e4 b4 45. e5 a3 46. e6
Kg7 47. f5 Nc3 48. e7 Nxd5 49. e8=Q a2 50. Qe5+ Kf8 51. Qd6+ Kf7 52. Qxd5+ 1-0

[Event "Tradewise Gibraltar ChallWk2"]
[Site "Gibraltar"]
[Date "2016.02.03"]
[Round "5.30"]
[White "Krokay, Urszula"]
[Black "Slinger, Tony J"]
[Result "1/2-1/2"]
[WhiteElo "2035"]
[BlackElo "1915"]
[PlyCount "136"]
[EventDate "2016.01.30"]
[EventType "swiss"]
[EventRounds "5"]
[EventCountry "GGB"]
[SourceTitle "BritBase"]
[Source "www.saund.co.uk"]
[SourceDate "2018.02.10"]
[SourceVersion "1"]
[SourceVersionDate "2018.02.10"]
[SourceQuality "1"]

1. e4 c5 2. Nf3 d6 3. d4 cxd4 4. Nxd4 Nf6 5. Nc3 a6 6. Be2 e5 7. Nb3 Be7 8. O-O
O-O 9. f4 Nbd7 10. Be3 b5 11. Nd5 Bb7 12. fxe5 Nxe5 13. Bf3 Nxd5 14. exd5 Bf6
15. Bd4 Rc8 16. Be4 g6 17. Bc3 Bg7 18. Kh1 Qh4 19. Qe1 Qh5 20. Qg3 Rc4 21. Rae1
f5 22. Bf3 Nxf3 23. Bxg7 Rf7 24. Rxf3 Kxg7 25. Qxd6 f4 26. Re5 Qh4 27. c3 Bc8
28. Nd2 Bg4 29. Rf1 f3 30. Nxf3 Rcf4 31. Re3 Qh5 32. Qe5+ Qxe5 33. Rxe5 Bxf3
34. gxf3 Rxf3 35. Rxf3 Rxf3 36. Re7+ Kf6 37. Rxh7 Rf2 38. Ra7 Rxb2 39. Rxa6+
Ke5 40. d6 Ke6 41. d7+ Kxd7 42. Rxg6 Rxa2 43. Rb6 Rc2 44. Rxb5 Rxc3 45. Kg2 Ke6
46. Rg5 Kf6 47. Rh5 Kg6 48. Rh8 Rd3 49. Rh4 Kg7 50. Rg4+ Kh6 51. Rg8 Kh7 52.
Rg3 Rd2+ 53. Kh3 Ra2 54. Rg4 Kh6 55. Kg3 Ra3+ 56. Kh4 Ra2 57. h3 Ra3 58. Rb4
Ra5 59. Rb6+ Kh7 60. Kg4 Rc5 61. h4 Rc7 62. Rb5 Rg7+ 63. Kh5 Ra7 64. Kg5 Rg7+
65. Kf4 Rf7+ 66. Ke5 Rf1 67. Rb4 Re1+ 68. Kf5 Kg7 1/2-1/2

[Event "Tradewise Gibraltar ChallWk2"]
[Site "Gibraltar"]
[Date "2016.02.03"]
[Round "5.31"]
[White "Boron, Anthony"]
[Black "Calvi, Stefan"]
[Result "0-1"]
[WhiteElo "1915"]
[BlackElo "2026"]
[PlyCount "90"]
[EventDate "2016.01.30"]
[EventType "swiss"]
[EventRounds "5"]
[EventCountry "GGB"]
[SourceTitle "BritBase"]
[Source "www.saund.co.uk"]
[SourceDate "2018.02.10"]
[SourceVersion "1"]
[SourceVersionDate "2018.02.10"]
[SourceQuality "1"]

1. e4 c5 2. c3 d5 3. exd5 Qxd5 4. d4 Nf6 5. dxc5 Qxd1+ 6. Kxd1 e5 7. b4 Bf5 8.
Bc4 Nc6 9. Ne2 Rd8+ 10. Ke1 Be7 11. Ng3 Bg6 12. h3 Nd5 13. Bxd5 Rxd5 14. h4 h5
15. Na3 O-O 16. Bg5 f6 17. Be3 Rfd8 18. Ke2 Bd3+ 19. Ke1 g6 20. Ne2 f5 21. g3
Be4 22. Rg1 Bf3 23. Nb5 R8d7 24. a3 a6 25. c4 Rd3 26. Nbc3 Bf6 27. Nd5 Bxd5 28.
cxd5 R7xd5 29. Kf1 e4 30. Kg2 Bxa1 31. Rxa1 Rd1 32. Ra2 Rd7 33. Nc3 R1d3 34.
Na4 Ne5 35. c6 Nxc6 36. Nc5 Kf7 37. Nxd7 Rxd7 38. Rd2 Rd3 39. Kf1 Ke6 40. Ra2
Kd5 41. Ke2 Kc4 42. Ra1 Kb3 43. Bc5 Kb2 44. Rd1 Rxd1 45. Kxd1 b5 0-1

[Event "Tradewise Gibraltar ChallWk2"]
[Site "Gibraltar"]
[Date "2016.02.03"]
[Round "5.32"]
[White "Sedgwick, David"]
[Black "Wright, Jonathan"]
[Result "1-0"]
[WhiteElo "1973"]
[BlackElo "1902"]
[PlyCount "57"]
[EventDate "2016.01.30"]
[EventType "swiss"]
[EventRounds "5"]
[EventCountry "GGB"]
[SourceTitle "BritBase"]
[Source "www.saund.co.uk"]
[SourceDate "2018.02.10"]
[SourceVersion "1"]
[SourceVersionDate "2018.02.10"]
[SourceQuality "1"]

1. e4 c5 2. c3 Nf6 3. e5 Nd5 4. d4 cxd4 5. cxd4 e6 6. Nf3 d6 7. Bc4 dxe5 8.
dxe5 Bb4+ 9. Bd2 Bxd2+ 10. Qxd2 O-O 11. O-O Nb6 12. Bd3 Nc6 13. Rd1 Qc7 14. Qe2
g6 15. Nc3 Nd5 16. Rac1 Nf4 17. Qe4 Nxd3 18. Rxd3 a6 19. Re1 Qe7 20. Qf4 Kg7
21. Ne4 Nb4 22. Rd6 Nd5 23. Qg3 b6 24. Nd4 Bb7 25. Nf6 Nxf6 26. Nf5+ exf5 27.
exf6+ Qxf6 28. Rxf6 Kxf6 29. Qe5+ 1-0

[Event "Tradewise Gibraltar ChallWk2"]
[Site "Gibraltar"]
[Date "2016.02.03"]
[Round "5.34"]
[White "Lochte, Szilvia"]
[Black "Ohlsson, Mikael"]
[Result "1-0"]
[WhiteElo "1913"]
[BlackElo "1810"]
[PlyCount "35"]
[EventDate "2016.01.30"]
[EventType "swiss"]
[EventRounds "5"]
[EventCountry "GGB"]
[SourceTitle "BritBase"]
[Source "www.saund.co.uk"]
[SourceDate "2018.02.10"]
[SourceVersion "1"]
[SourceVersionDate "2018.02.10"]
[SourceQuality "1"]

1. d4 Nf6 2. Nf3 g6 3. g3 Bg7 4. Bg2 c5 5. O-O cxd4 6. Nxd4 Nc6 7. c3 d5 8. c4
e5 9. Nxc6 bxc6 10. Nc3 Bb7 11. Bg5 d4 12. Ne4 h6 13. Bxf6 Bxf6 14. Qb3 Rb8 15.
Qa3 a6 16. Nd6+ Kd7 17. Nxf7 Be7 18. Qd3 1-0

[Event "Tradewise Gibraltar ChallWk2"]
[Site "Gibraltar"]
[Date "2016.02.03"]
[Round "5.35"]
[White "Musi, Dietmar"]
[Black "Haddock, Paul"]
[Result "1-0"]
[WhiteElo "1754"]
[BlackElo "1606"]
[PlyCount "73"]
[EventDate "2016.01.30"]
[EventType "swiss"]
[EventRounds "5"]
[EventCountry "GGB"]
[SourceTitle "BritBase"]
[Source "www.saund.co.uk"]
[SourceDate "2018.02.10"]
[SourceVersion "1"]
[SourceVersionDate "2018.02.10"]
[SourceQuality "1"]

1. e4 e5 2. Nf3 Nc6 3. Bb5 a6 4. Ba4 Nf6 5. O-O b5 6. Bb3 Be7 7. Re1 O-O 8. c3
d5 9. exd5 Nxd5 10. Nxe5 Nxe5 11. Rxe5 c6 12. d4 Bd6 13. Re1 Qh4 14. g3 Qh3 15.
Qf3 Be6 16. Nd2 Rae8 17. Qg2 Qxg2+ 18. Kxg2 Bh3+ 19. Kxh3 Rxe1 20. Nf3 Re2 21.
Kg2 Rfe8 22. Kf1 R2e7 23. c4 Nb4 24. cxb5 cxb5 25. Bg5 Re2 26. Nd2 Nd3 27. Be3
R2xe3 28. fxe3 Rxe3 29. Bd5 Bc7 30. Be4 Ba5 31. Bxd3 Rxd3 32. Nb3 Bb6 33. Ke2
Rxd4 34. Nxd4 Bxd4 35. Rd1 Bb6 36. Rd6 Bc7 37. Rc6 1-0